Statistiques concernant Culture Générale - Série 661

Cliquez ici pour prendre le quiz!

Statistiques générales

  • Ce quiz a été pris 59 fois
  • Le résultat moyen est 6 sur 10

Statistiques - réponses

QuestionRéponse% Correct
Quel dictateur fut le "caudillo" d'Espagne de 1939 à 1975 ?Franco
84%
Quel mot, désignant un continent, qualifie le pôle Sud et les régions environnantes ?Antarctique
80%
Quel genre musical, apparu à la fin des années 1970 et engendré par le punk-rock, signifie "nouvelle vague" en anglais ?La New Wave
80%
Appelés The Smurfs en anglais, Los Pitufos en espagnol, qui sont ces petits personnages de bande dessinée créés par Peyo ?Les Schtroumpfs
79%
Quel auteur et philosophe français a écrit, en 1943 : "L'Être et le néant" ?Jean-Paul Sartre
75%
En 1969, à quel chanteur français doit-on le tube : "Wight Is Wight" ?Michel Delpech
59%
Le 20 janvier 2009, quelle diva de la soul a chanté : "My country 'Tis of Thee", lors de l'investiture de Barack Obama ?Aretha Franklin
38%
Que collectionne un copocléphile ?des porte-clés
34%
En 1991, quelle femme célèbre, Marie-Christine Barrault a-t-elle incarnée dans un feuilleton télévisé ?Marie Curie
32%
Quel héros de la guerre de Troie était célèbre pour l'ampleur de sa voix ?Stentor
23%

Distribution des résultats

Percentile par nombre de réponses

% des personnes avec chaque résultat

Votre développement - résultats

Vous n’avez pas pris ce quiz